Capitales d'Asie - Quiz - Statistiques

Statistiques générales
  • Ce quiz a été pris 29 fois
  • Le résultat moyen est 37 sur 48
Statistiques - réponses
Pays Capitale % Correct
Irak Bagdad
94%
Indonésie Jakarta
94%
Israël Jérusalem
94%
Afghanistan Kaboul
94%
Inde New Delhi
94%
Corée du Sud Séoul
94%
Taïwan Taipei
94%
Iran Téhéran
94%
Japon Tokyo
94%
Turquie Ankara
88%
Thaïlande Bangkok
88%
Syrie Damas
88%
Qatar Doha
88%
Arménie Erevan
88%
Viêt Nam Hanoï
88%
Koweït Koweït
88%
Chine Pékin (Beijing)
88%
Arabie saoudite Riyad
88%
Singapour Singapour
88%
Jordanie Amman
82%
Philippines Manille
82%
Chypre Nicosie
82%
Émirats arabes unis Abou Dabi
76%
Kazakhstan Astana
76%
Azerbaïdjan Bakou
76%
Liban Beyrouth
76%
Népal Katmandou
76%
Malaisie Kuala Lumpur
76%
Oman Mascate
76%
Mongolie Oulan-Bator
76%
Corée du Nord Pyongyang
76%
Géorgie Tbilissi
76%
Pakistan Islamabad
71%
Laos Vientiane
71%
Bangladesh Dacca
65%
Maldives Malé
65%
Bahreïn Manama
65%
Cambodge Phnom Penh
65%
Yémen Sanaa
65%
Turkménistan Achgabat
59%
Kirghizistan Bichkek
59%
Timor oriental Dili
59%
Sri Lanka Sri
Jayawardenepura
Kotte
59%
Tadjikistan Douchanbé
53%
Ouzbékistan Tachkent
53%
Birmanie Naypyidaw
47%
Bhoutan Thimphou
47%
Brunei Bandar Seri Begawan
41%
Aucun quiz correspondant
Distribution des résultats
% des personnes avec chaque résultat
Percentile par nombre de réponses
Votre historique - résultats
Vous n’avez pas pris ce quiz